Administracja Mineplay.pl - Statystyki

Ogólne statystyki
  • Ten quiz został rozwiązany 50 razy
  • Średni wynik to 9 z 18
Statystyki odpowiedzi
Ranga Nick członka administracji % Poprawnych
Właściciel mateulusz
92%
Właściciel LJayPL
88%
Admin mawik21
81%
Moderator picnawode
73%
Moderator Dexomi_official
65%
Moderator StarAla
65%
Admin Tiwev
62%
Admin kacpiklPL
58%
Pomocnik biszor
50%
Moderator _iluvu
50%
Pomocnik genesispawel
46%
Moderator KCplayerGessler
42%
Pomocnik Alusiowa
35%
Pomocnik Mfgtv02
35%
Pomocnik Qixtar
31%
Pomocnik x_LEJT_x
27%
Pomocnik wiqaa1
23%
Pomocnik yvng_xdevekx
23%
Nie znaleziono quizów pasujących do podanych kryteriów
Rozkład punktacji
Procent ludzi z każdym wynikiem
Percentyl według liczby udzielonych odpowiedzi
Twoja historia wyników
Nie rozwiązałeś tego quizu